00824nam a2200205 a 4500008004100000050001900041100001900060245002700079246010600106260003300212300001600245350000900261650003400270650001100304650003500315700002500350995010000375999001700475952012600492061108s2000 ||||||||||||||||| || u aRA 644.A25 Piw aPiwoz, Ellen G10aHIV/AIDS and nutrition aa review of the literature and recommendations for nutritional care and support in Sub-Saharan Africa aWashington, D. CbSARAc2000 ax, 54p.;ill a0.00 aHIV/AIDS--AFRICA, SUB-SAHARAN aHEALTH aNUTRITION--SUB-SAHARAN, AFRICA aPrebble, Elizabeth A D0.00FCBU-MAIN LIBRARY (Kitwe)H1I0.00M1UAVAILABLEWNov 8, 2006ZAnnex Low-Usage Collection  c45625d45625 00102lcc4070a001b001cAnnex Low-Usage Collection d2022-11-30l0oRA 644.A25 Piwp52615r2022-11-30w2022-11-30y002